[Event "ITT 56 Aniversario"]
[Site "Villa Martelli, ARG"]
[Date "2010.08.04"]
[Round "1"]
[White "Ibar, Marcelo"]
[Black "Zuriel, Marisa"]
[Result "1/2-1/2"]
[WhiteElo "2210"]
[BlackElo "2205"]

1. Nf3 Nf6 2. g3 g6 3. Bg2 Bg7 4. O-O O-O 5. d4 d6 6. c4 Nc6 7. Nc3 e5 8. d5
Ne7 9. e4 Nd7 10. Ne1 f5 11. Nd3 Nf6 12. f3 c5 13. Rb1 h6 14. f4 Nxe4 15.
Nxe4 fxe4 16. Bxe4 Bf5 17. Bxf5 Nxf5 18. fxe5 dxe5 19. Qg4 Qd6 20. Bd2 a5 21.
Rbe1 a4 22. Bc3 Rae8 23. Re4 Re7 24. Rfe1 Rfe8 25. Kg2 Kh7 26. Qe2 Nd4 27. Qd2
b5 28. Bxd4 cxd4 29. b3 axb3 30. axb3 bxc4 31. bxc4 1/2-1/2

[Event "ITT 56 Aniversario"]
[Site "Villa Martelli, ARG"]
[Date "2010.08.04"]
[Round "1"]
[White "Szmetan, Ricardo"]
[Black "Liascovich, Lucas Agustin"]
[Result "0-1"]
[WhiteElo "2255"]
[BlackElo "2427"]

1. b3 e5 2. Bb2 Nc6 3. e3 Nf6 4. c4 Be7 5. d3 d5 6. cxd5 Nxd5 7. a3 a5 8. Nf3
f6 9. Be2 O-O 10. O-O Be6 11. Nbd2 Bc5 12. Qc2 Bxe3 13. fxe3 Nxe3 14. Qc5
Nxf1 15. Rxf1 Rf7 16. d4 exd4 17. Bc4 Qd7 18. Bxe6 Qxe6 19. Re1 Qd7 20. Bxd4
Nxd4 21. Nxd4 Re8 22. Rxe8+ Qxe8 23. N4f3 b6 24. Qc4 Kh8 25. h3 Rd7 26. Ne4
Rd1+ 27. Kh2 Qd7 28. h4 c6 29. Ng3 Rd5 30. b4 b5 {Planilla Ilegible} 0-1

[Event "ITT 56 Aniversario"]
[Site "Villa Martelli, ARG"]
[Date "2010.08.05"]
[Round "2"]
[White "Menna Barreto, Felipe Kubiaki"]
[Black "Liascovich, Lucas Agustin"]
[Result "0-1"]
[WhiteElo "2154"]
[BlackElo "2427"]

1. Nf3 g6 2. c4 Bg7 3. Nc3 d6 4. g3 e5 5. d4 Nc6 6. d5 Nb8 7. Bg2 Ne7 8. O-O
O-O 9. e4 h6 10. Be3 f5 11. Qd2 g5 12. exf5 Bxf5 13. h4 g4 14. Ne1 h5 15. Nd3
Nd7 16. Ne4 Qe8 17. Ng5 Qg6 18. Rad1 Nf6 19. Rfe1 b6 20. Ne6 Rfc8 21. Bg5
Kh7 22. Rxe5 Bxd3 23. Nf4 dxe5 24. Nxg6 Bxg6 25. d6 cxd6 26. Qxd6 Nf5 27. Qxe5
Re8 28. Qf4 Rad8 29. Rxd8 Rxd8 30. Kh2 Rd4 31. Qc7 Ne4 32. Be3 Nxe3 33. fxe3
Rd2 34. b4 Rxa2 35. c5 bxc5 36. bxc5 Nd2 37. Kg1 Nf3+ 38. Bxf3 gxf3 39. Qd7
Kh6 40. c6 Be5 41. Qd5 Rg2+ 42. Kf1 Rc2 43. e4 Bg7 44. Qd6 Kh7 45. Qd7 Bxe4
46. c7 Rc1+ 47. Kf2 a5 48. c8=Q Rxc8 49. Qxc8 Bd4+ 50. Kf1 Bd3+ 51. Ke1 f2+ 52.
Kd2 f1=Q 53. Qd7+ Bg7 0-1

[Event "ITT 56 Aniversario"]
[Site "Villa Martelli, ARG"]
[Date "2010.08.05"]
[Round "2"]
[White "Espinoza Palomino, Willyam"]
[Black "Szmetan, Ricardo"]
[Result "1-0"]
[WhiteElo "2292"]
[BlackElo "2255"]

1. e4 c5 2. Nf3 d6 3. d4 cxd4 4. Nxd4 Nf6 5. Nc3 g6 6. Be3 Bg7 7. f3 Nbd7 8.
Qd2 h5 9. O-O-O a6 10. Bc4 b5 11. Bb3 Bb7 12. Kb1 Rc8 13. Rhe1 Ne5 14. Bg5
Nc4 15. Qd3 O-O 16. f4 Qb6 17. f5 Rc5 18. Bxf6 Bxf6 19. fxg6 Bxd4 20. gxf7+
Kxf7 21. Qxd4 Ke8 22. Bxc4 bxc4 23. Na4 1-0

[Event "ITT 56 Aniversario"]
[Site "Villa Martelli, ARG"]
[Date "2010.08.05"]
[Round "2"]
[White "Zuriel, Marisa"]
[Black "Guerrero, Alvaro"]
[Result "1/2-1/2"]
[WhiteElo "2205"]
[BlackElo "2267"]

1. e4 c6 2. d4 d5 3. e5 Bf5 4. Nf3 e6 5. Be2 Ne7 6. O-O h6 7. b3 c5 8. Ba3
Nec6 9. dxc5 Nd7 10. c4 dxc4 11. Bxc4 Bxc5 12. Bxc5 Nxc5 13. Bb5 Qb6 14. Bxc6+
bxc6 15. Na3 Rd8 16. Qc1 Nd3 17. Qc3 O-O 18. Nc4 Qc5 1/2-1/2

[Event "ITT 56 Aniversario"]
[Site "Villa Martelli, ARG"]
[Date "2010.08.06"]
[Round "3"]
[White "Liascovich, Lucas Agustin"]
[Black "Espinoza Palomino, Willyam"]
[Result "1-0"]
[WhiteElo "2427"]
[BlackElo "2292"]

1. d4 Nf6 2. Nf3 e6 3. Bg5 c5 4. e3 b6 5. d5 d6 6. Bb5+ Bd7 7. Bxd7+ Nbxd7 8.
Nc3 e5 9. e4 b5 10. Nd2 a6 11. a4 b4 12. Ne2 Be7 13. Bxf6 Nxf6 14. Ng3 g6
15. Nc4 O-O 16. Qd3 Ne8 17. O-O-O Ng7 18. Kb1 f5 19. f3 fxe4 20. fxe4 Ra7 21.
Rhf1 Bf6 22. Rf3 Ne8 23. Rdf1 Raf7 24. Ne2 Bg5 25. Rxf7 Rxf7 26. Rxf7 Kxf7 27.
Qh3 Kg7 28. Ng1 Be7 29. Nf3 h6 30. Ne3 Nf6 31. Nd2 Qd7 32. Qg3 Kf7 33. b3
Bd8 34. Qf3 Kg7 35. Qe2 Qc8 36. h3 Ne8 37. Nec4 Qd7 38. Nf3 Bc7 39. Ne3 Qc8 40.
g4 Bd8 41. h4 Nf6 42. Nd2 h5 43. g5 Ne8 44. Qf1 Nc7 45. Ndc4 Qd7 46. Nb6 Qf7
47. Qh3 Ne8 48. Nbc4 Kf8 49. Qc8 Qc7 50. Qxa6 Qd7 51. a5 Ke7 52. Qa8 Nc7 53.
Qb7 Nb5 54. a6 Qxb7 55. axb7 Bc7 56. Na5 Nc3+ 57. Kc1 Nxe4 58. Nc6+ Ke8 59.
b8=Q+ Bxb8 60. Nxb8 1-0

[Event "ITT 56 Aniversario"]
[Site "Villa Martelli, ARG"]
[Date "2010.08.06"]
[Round "3"]
[White "Ibar, Marcelo"]
[Black "Della Morte, German"]
[Result "0-1"]
[WhiteElo "2210"]
[BlackElo "2351"]

1. e4 d6 2. d4 Nf6 3. Nc3 g6 4. f4 Bg7 5. Nf3 O-O 6. Bd3 Na6 7. O-O c5 8. d5
Bg4 9. h3 Bxf3 10. Rxf3 Rb8 11. Kh2 Nc7 12. a4 e6 13. Bc4 exd5 14. exd5 a6
15. Qd3 Qd7 16. a5 Qc8 17. Bd2 b5 18. axb6 Rxb6 19. Ra2 Nd7 20. Nd1 Nb5 21. c3
f5 22. Re3 Nf6 23. Nf2 Nc7 24. Qe2 Kh8 25. Qf3 Re8 26. Rxe8+ Qxe8 27. b4 cxb4
28. cxb4 Qa8 29. Ra5 Qc8 30. Qd3 Nh5 31. Bc3 Qb7 32. Bxg7+ Nxg7 33. Qc3 Rxb4
34. Bxa6 Qb6 35. Nd3 Rb3 36. Qf6 h6 37. Ra1 Nxa6 38. Nc1 Rb1 39. Rxb1 Qxb1
40. Ne2 Qe4 41. Ng3 Qxf4 42. Qxg6 Nc5 43. Kh1 Ne4 0-1

[Event "ITT 56 Aniversario"]
[Site "Villa Martelli, ARG"]
[Date "2010.08.06"]
[Round "3"]
[White "Szmetan, Ricardo"]
[Black "Zuriel, Marisa"]
[Result "1-0"]
[WhiteElo "2255"]
[BlackElo "2205"]

1. c4 e5 2. Nc3 Nc6 3. g3 d6 4. Bg2 Be6 5. d3 Qd7 6. e3 g6 7. h4 h6 8. Nge2
Bg7 9. Rb1 Nge7 10. Nd5 O-O 11. b4 f5 12. b5 Nd8 13. e4 c6 14. bxc6 bxc6 15.
Nxe7+ Qxe7 16. h5 g5 17. exf5 Bxf5 18. Be3 Rc8 19. Nc3 Ne6 20. O-O Kh8 21. Re1
Qd7 22. Be4 Nd4 23. Bxf5 Qxf5 24. Kg2 Nf3 25. Rh1 Rf7 26. Ne4 Rd8 27. Nd2
Nxd2 28. Qxd2 Qf3+ 29. Kg1 d5 30. cxd5 Qxd5 31. Rc1 e4 32. d4 Rfd7 33. Qc2 Rd6
34. Kg2 Qf5 35. Rhd1 Qf3+ 36. Kg1 c5 37. Qxc5 Rd5 38. Qe7 R5d7 39. Qe6 Rd6
40. Qh3 g4 41. Qg2 1-0

[Event "ITT 56 Aniversario"]
[Site "Villa Martelli, ARG"]
[Date "2010.08.06"]
[Round "3"]
[White "Tristan, Leonardo"]
[Black "Menna Barreto, Felipe Kubiaki"]
[Result "1/2-1/2"]
[WhiteElo "2393"]
[BlackElo "2154"]

1. e4 e5 2. Nf3 d6 3. d4 Nf6 4. Nc3 Nbd7 5. Bc4 h6 6. O-O Be7 7. Qe2 c6 8. a4
Qc7 9. h3 O-O 10. Rd1 Re8 11. dxe5 dxe5 12. Nh4 Nc5 13. Qf3 Be6 14. Bxe6
Nxe6 15. Nf5 Nd4 16. Nxd4 exd4 17. Rxd4 Qe5 18. Rd3 Bd6 19. g3 Qe6 20. Qg2 Bb4
21. f3 Nd7 22. Ne2 f5 23. Nd4 Bc5 24. Kh2 Bxd4 25. Rxd4 Nf6 26. Bf4 fxe4 27.
fxe4 c5 28. Rd2 Qxe4 29. Qf2 Qf5 30. g4 Qe6 31. Qg2 Qc4 32. Qg3 Rad8 33. Rg2
Nd5 34. Bd6 Ne3 35. Rf2 b6 36. c3 Re6 37. Bc7 Rd3 38. Qf4 Qxf4+ 39. Bxf4 Nd5
40. Bd2 Nf6 41. Bf4 a6 42. Raf1 c4 43. Kg2 Ne4 44. Re1 Nc5 45. Rxe6 Nxe6 46.
Be5 Rd5 47. Re2 Kf7 48. Kf3 Rd3+ 49. Kg2 Rd1 50. Kf3 Nc5 51. Bd4 Nxa4 52. Ke4
Rb1 53. Rf2+ Kg8 54. Kf5 Rxb2 55. Rf3 Re2 56. h4 Kf7 57. g5 hxg5 58. hxg5 g6+
59. Kg4+ Ke7 60. Rh3 Re6 61. Rh7+ Kd6 62. Rg7 Nc5 63. Bf6 Ne4 64. Rxg6 Nxf6+
65. gxf6 Re3 66. f7+ Ke7 67. Rf6 Kf8 68. Rxb6 Rxc3 69. Rxa6 Rc1 70. Rc6 c3
71. Kf3 Rh1 72. Ke2 c2 1/2-1/2

[Event "ITT 56 Aniversario"]
[Site "Villa Martelli, ARG"]
[Date "2010.08.08"]
[Round "4"]
[White "Fabian, Gaston"]
[Black "Szmetan, Ricardo"]
[Result "1-0"]
[WhiteElo "2260"]
[BlackElo "2255"]

1. e4 c5 2. Nf3 e6 3. d4 cxd4 4. Nxd4 a6 5. c4 Nf6 6. Nc3 d6 7. Be2 Be7 8.
O-O O-O 9. f4 Nc6 10. Be3 Bd7 11. Kh1 Nxd4 12. Bxd4 Bc6 13. Bf3 Nd7 14. Qe2 e5
15. Be3 exf4 16. Bxf4 Ne5 17. Rad1 Qc7 18. b4 b5 19. Bxe5 dxe5 20. c5 a5 21.
a3 axb4 22. axb4 Qb7 23. Nd5 Bg5 24. Qb2 Rfe8 25. Bg4 Rad8 26. Qb3 g6 27. Rd3
Kg7 28. Rfd1 h5 29. Bf3 f5 30. Qb2 Kh6 31. Qe2 Rd7 32. Nc3 Rd4 33. Rxd4 exd4
34. Rxd4 Qg7 35. Qd3 Bf6 36. Rd6 Rxe4 37. Nxe4 fxe4 38. Bxe4 1-0

[Event "ITT 56 Aniversario"]
[Site "Villa Martelli, ARG"]
[Date "2010.08.08"]
[Round "4"]
[White "Menna Barreto, Felipe Kubiaki"]
[Black "Espinoza Palomino, Willyam"]
[Result "1-0"]
[WhiteElo "2154"]
[BlackElo "2292"]

1. Nf3 Nf6 2. c4 b6 3. g3 Bb7 4. Bg2 e6 5. O-O Be7 6. b3 O-O 7. Bb2 d5 8.
cxd5 exd5 9. d4 Nbd7 10. Nc3 c5 11. Rc1 Ne4 12. dxc5 Nxc3 13. Bxc3 bxc5 14. Qd2
Qb6 15. Rfd1 Nf6 16. Nh4 Qe6 17. Bxf6 Bxf6 18. Rxc5 Bxh4 19. gxh4 Qe7 20. b4
Qxh4 21. Qd4 Qe7 22. e3 Rad8 23. Rdc1 Rd7 24. b5 Rfd8 25. a4 Rd6 26. Rc7 Qg5
27. h4 1-0

[Event "ITT 56 Aniversario"]
[Site "Villa Martelli, ARG"]
[Date "2010.08.08"]
[Round "4"]
[White "Tristan, Leonardo"]
[Black "Ibar, Marcelo"]
[Result "1-0"]
[WhiteElo "2393"]
[BlackElo "2210"]

1. e4 e6 2. d4 d5 3. Nd2 Nf6 4. e5 Nfd7 5. Bd3 c5 6. c3 Nc6 7. Ne2 cxd4 8.
cxd4 f6 9. Nf4 Nxd4 10. Qh5+ Ke7 11. exf6+ Nxf6 12. Ng6+ hxg6 13. Qxh8 Kf7 14.
Qh4 e5 15. Nf3 Nxf3+ 16. gxf3 Be7 17. Bg5 Bf5 18. Bxf5 gxf5 19. O-O-O Rc8+
20. Kb1 Qb6 21. Rhe1 Ba3 22. Re2 Qb5 23. Rdd2 d4 24. Bxf6 gxf6 25. Rc2 d3 26.
Qh7+ Ke6 27. Rxc8 dxe2 28. Qg8+ Kd6 29. Qf8+ Ke6 30. Re8+ Kd5 31. Qf7+ Kc5 32.
Qc7+ Qc6 33. Qa5+ {Tiempo} 1-0

[Event "ITT 56 Aniversario"]
[Site "Villa Martelli, ARG"]
[Date "2010.08.08"]
[Round "4"]
[White "Della Morte, German"]
[Black "Guerrero, Alvaro"]
[Result "1-0"]
[WhiteElo "2351"]
[BlackElo "2267"]

1. e4 c6 2. c4 d5 3. cxd5 cxd5 4. exd5 Nf6 5. Qa4+ Nbd7 6. Nc3 g6 7. Nf3 Bg7
8. Bc4 O-O 9. d3 a6 10. Qa3 Nb6 11. Qb3 e6 12. dxe6 Nxc4 13. exf7+ Rxf7 14.
dxc4 Bg4 15. Be3 Bxf3 16. gxf3 Rc8 17. c5 Qd3 18. Ne4 Qxb3 19. axb3 Nxe4 20.
fxe4 Bxb2 21. Ra4 Be5 22. Ke2 Bf4 23. Bd4 Re8 24. f3 g5 25. h3 Rd7 26. Bc3
Red8 27. Ba5 Rc8 28. Rc4 Rc6 29. Rd1 Rxd1 30. Kxd1 Be3 31. Bd8 Kf7 32. Ke2 Bf4
33. Ba5 Rh6 34. Rb4 b5 35. cxb6 Rxh3 36. b7 Rh2+ 37. Kd3 Bb8 38. Rc4 Rb2 39.
Rc3 Ke6 40. b4 Bf4 41. Rc6+ Kd7 42. Rf6 Bg3 43. f4 1-0

[Event "ITT 56 Aniversario"]
[Site "Villa Martelli, ARG"]
[Date "2010.08.08"]
[Round "5"]
[White "Ibar, Marcelo"]
[Black "Menna Barreto, Felipe Kubiaki"]
[Result "1/2-1/2"]
[WhiteElo "2210"]
[BlackElo "2154"]

1. Nf3 Nf6 2. d4 e6 3. g3 b5 4. Bg2 Bb7 5. O-O c5 6. b3 cxd4 7. Nxd4 Bxg2 8.
Kxg2 Qb6 9. Bb2 Be7 10. Qd3 a6 11. Nd2 Nc6 12. Nxc6 Qxc6+ 13. Kg1 d5 14. a4
O-O 15. axb5 axb5 16. Rxa8 Rxa8 17. Ra1 Rc8 18. c3 Nd7 19. Ra5 Bd8 20. Ra2 Bf6
21. e4 Nc5 22. exd5 Nxd3 23. dxc6 Nxb2 24. Ne4 Be7 25. Rxb2 Rxc6 26. Rc2 f5
27. Nd2 Bb4 28. Nb1 Kf7 29. Kf1 Kf6 30. Ke2 Bc5 31. Nd2 Ra6 32. h4 Ra3 33. b4
Be7 34. f4 e5 35. fxe5+ Kxe5 36. Nf3+ Ke4 37. Nd4 Bxb4 38. Nxb5 Ra5 39. cxb4
Rxb5 40. Rc4+ Kd5 41. Rf4 g6 42. h5 Ke5 43. hxg6 hxg6 44. Rc4 g5 45. Kd3
Rd5+ 46. Ke3 Rd1 47. Rc5+ Ke6 48. Rc6+ Ke5 49. Rc5+ 1/2-1/2

[Event "ITT 56 Aniversario"]
[Site "Villa Martelli, ARG"]
[Date "2010.08.08"]
[Round "5"]
[White "Guerrero, Alvaro"]
[Black "Tristan, Leonardo"]
[Result "0-1"]
[WhiteElo "2267"]
[BlackElo "2393"]

1. d4 d6 2. c4 f5 3. Nf3 Nf6 4. g3 g6 5. Bg2 Bg7 6. b4 O-O 7. Bb2 c6 8. Qb3
Kh8 9. O-O Na6 10. a4 Nc7 11. b5 Qe8 12. Nbd2 Be6 13. Rab1 Rb8 14. Ba1 Bg8 15.
Ne1 d5 16. c5 Ne4 17. Ndf3 e5 18. b6 axb6 19. Qxb6 Ne6 20. e3 exd4 21. exd4
f4 22. Qb4 N6g5 23. Nxg5 Nxg5 24. Rb3 Be6 25. gxf4 Rxf4 26. Re3 Qd7 27. Nd3
Rh4 28. f4 Nh3+ 29. Kh1 Bf5 30. Qe1 Qd8 31. Ne5 Kg8 32. Qg3 Bh6 33. Nf3 Bxf4
34. Qxh4 Qxh4 35. Nxh4 Bxe3 36. Nxf5 Nf2+ 37. Rxf2 Bxf2 38. Nd6 Ra8 39. Bc3
Rxa4 40. Bh3 Ra3 41. Be6+ Kg7 42. Bd2 Bxd4 43. Bf4 Rb3 44. Bc8 Bxc5 45. Be5+
Kf8 46. Bxb7 Ke7 47. Ne8 Rxb7 0-1

[Event "ITT 56 Aniversario"]
[Site "Villa Martelli, ARG"]
[Date "2010.08.08"]
[Round "5"]
[White "Szmetan, Ricardo"]
[Black "Della Morte, German"]
[Result "1/2-1/2"]
[WhiteElo "2255"]
[BlackElo "2351"]

1. d4 Nf6 2. Nf3 g6 3. c4 Bg7 4. e3 d6 5. Be2 O-O 6. O-O Nbd7 7. b3 e5 8.
dxe5 Ng4 9. Bb2 Ngxe5 10. Nc3 a6 11. Qd2 Nxf3+ 12. Bxf3 Ne5 13. Be2 Be6 14. h3
Qd7 15. f4 Nc6 16. Nd5 Bxb2 17. Qxb2 Bxd5 18. cxd5 Ne7 19. e4 f5 20. Rae1 Rae8
21. Bf3 fxe4 22. Rxe4 Nf5 23. Rfe1 Qf7 24. Qc3 Rxe4 25. Rxe4 Re8 26. Kh2
Rxe4 27. Bxe4 Qg7 28. Qxg7+ Nxg7 29. g4 Ne8 30. Kg3 Nf6 31. Bf3 Kf7 32. g5 Ng8
33. Bg4 Ne7 34. Be6+ Kg7 35. b4 Nf5+ 36. Kf2 Nd4 37. Bc8 b6 38. a3 a5 39. bxa5
bxa5 40. a4 c5 41. dxc6 Nxc6 42. f5 gxf5 43. Bxf5 h6 44. gxh6+ Kxh6 45. Ke3
Kg5 46. Bg4 Ne5 47. Kd4 Nxg4 48. hxg4 Kxg4 49. Kd5 Kf5 50. Kxd6 Kf6 51. Kc7
Ke7 52. Kb6 Kd7 53. Kxa5 Kc7 1/2-1/2

[Event "ITT 56 Aniversario"]
[Site "Villa Martelli, ARG"]
[Date "2010.08.08"]
[Round "5"]
[White "Liascovich, Lucas Agustin"]
[Black "Fabian, Gaston"]
[Result "1-0"]
[WhiteElo "2427"]
[BlackElo "2260"]

1. d4 d5 2. Bg5 h6 3. Bh4 c6 4. Nf3 Qb6 5. b3 Bf5 6. e3 e6 7. Bd3 Bxd3 8.
Qxd3 Be7 9. Bg3 Nf6 10. Nbd2 Nbd7 11. c4 Qa6 12. O-O O-O 13. e4 dxe4 14. Nxe4
Nxe4 15. Qxe4 Nf6 16. Qe2 Rad8 17. Rad1 c5 18. dxc5 Bxc5 19. Bh4 Be7 20. Ne5
Nd5 21. Rxd5 Bxh4 22. Rxd8 Bxd8 23. Rd1 Bc7 24. Nd7 Rd8 25. Rd3 Bd6 26. Ne5 Qa5
27. g3 Bxe5 28. Rxd8+ Qxd8 29. Qxe5 a5 30. Qb5 b6 31. h4 Kh7 32. Kg2 Qd4 33.
Qc6 g5 34. hxg5 hxg5 35. a3 g4 36. b4 axb4 37. axb4 e5 38. c5 bxc5 39. bxc5
e4 40. Qd6 Qc3 41. Qf4 Qxc5 42. Qxf7+ Kh6 43. Qf6+ Kh5 44. Qh4+ Kg6 45. Qxg4+
Kf6 46. Qxe4 Kg7 47. g4 Qc1 48. f3 Qd2+ 49. Kg3 Qd6+ 50. f4 Qd1 51. Kh4 Qd8+
52. g5 1-0

[Event "ITT 56 Aniversario"]
[Site "Villa Martelli, ARG"]
[Date "2010.08.08"]
[Round "5"]
[White "Espinoza Palomino, Willyam"]
[Black "Zuriel, Marisa"]
[Result "1/2-1/2"]
[WhiteElo "2292"]
[BlackElo "2205"]

1. e4 c5 2. Nf3 d6 3. d4 cxd4 4. Nxd4 Nf6 5. Nc3 a6 6. Be3 e6 7. Be2 Be7 8.
O-O Nc6 9. f4 Qc7 10. Qe1 O-O 11. Qg3 Re8 12. a3 Bf8 13. Bd3 g6 14. Nxc6 bxc6
15. Qh4 Bg7 16. Bd4 e5 17. fxe5 dxe5 18. Bc5 Nh5 19. Be3 Be6 20. Rab1 a5 21.
Na4 Nf4 22. Bxf4 exf4 23. Qxf4 Be5 24. Qh4 c5 25. b3 Rab8 26. c4 Qd8 27. Qxd8
Rexd8 28. Bc2 Rd2 29. Rbc1 Bd4+ 30. Kh1 Bd7 31. Rfd1 Rxd1+ 32. Bxd1 Bxa4 33.
bxa4 Rb2 34. Bg4 Kf8 35. Bd7 Ke7 36. Bc6 f6 37. g3 h5 38. Rd1 g5 39. Rd3
Rb1+ 40. Kg2 Rb2+ 41. Kh1 Rb1+ 42. Kg2 g4 43. h4 Rb2+ 44. Kf1 Rb1+ 45. Ke2 Rb2+
46. Kf1 Rb1+ 47. Ke2 Rb2+ 48. Kf1 Rb1+ 49. Ke2 1/2-1/2

[Event "ITT 56 Aniversario"]
[Site "Villa Martelli, ARG"]
[Date "2010.08.09"]
[Round "6"]
[White "Della Morte, German"]
[Black "Liascovich, Lucas Agustin"]
[Result "1/2-1/2"]
[WhiteElo "2351"]
[BlackElo "2427"]

1. e4 c6 2. d4 d5 3. Nd2 g6 4. e5 h5 5. Ndf3 Bh6 6. Bd3 Na6 7. c3 Nc7 8. h3
Bxc1 9. Rxc1 Nh6 10. Ne2 Bf5 11. Nf4 1/2-1/2

[Event "ITT 56 Aniversario"]
[Site "Villa Martelli, ARG"]
[Date "2010.08.09"]
[Round "6"]
[White "Fabian, Gaston"]
[Black "Espinoza Palomino, Willyam"]
[Result "1-0"]
[WhiteElo "2260"]
[BlackElo "2292"]

1. d4 Nf6 2. c4 e6 3. g3 d5 4. Nf3 Be7 5. Bg2 c6 6. Qc2 Nbd7 7. O-O O-O 8.
Nbd2 b6 9. e4 Bb7 10. e5 Ne8 11. cxd5 cxd5 12. Re1 Rc8 13. Qa4 a6 14. Bf1 Nb8
15. Bd3 Nc6 16. Nf1 Nc7 17. Ne3 Bb4 18. Re2 f6 19. Ng2 f5 20. Be3 Qe8 21. Qd1
Be7 22. Rc1 Na5 23. Rec2 Qd7 24. Bg5 Bxg5 25. Nxg5 Nc6 26. Bf1 h6 27. Nf3 Nb4
28. Rd2 Nxa2 29. Ra1 Nb4 30. Nf4 a5 31. h4 Rf7 32. h5 Nca6 33. Nh4 Nc6 34.
Bh3 Ne7 35. g4 Rff8 36. Kh2 Rc6 37. Qf3 fxg4 38. Qxg4 Nf5 39. Nxf5 exf5 40.
Qg2 Nc7 41. Rg1 Rf7 42. Rd3 Ne6 43. Nxe6 Rxe6 44. Rg3 Ree7 45. Rg6 Qe8 46. Rxh6
Re6 47. Rg6 Rxg6 48. hxg6 Rc7 49. Bxf5 Bc8 50. Qxd5+ Kf8 51. Bxc8 Qxc8 52.
Rg3 1-0

[Event "ITT 56 Aniversario"]
[Site "Villa Martelli, ARG"]
[Date "2010.08.09"]
[Round "6"]
[White "Menna Barreto, Felipe Kubiaki"]
[Black "Zuriel, Marisa"]
[Result "1/2-1/2"]
[WhiteElo "2154"]
[BlackElo "2205"]

1. Nf3 Nf6 2. g3 g6 3. b3 Bg7 4. Bb2 O-O 5. Bg2 d6 6. d4 Nbd7 7. c4 e5 8. Nc3
Re8 9. O-O exd4 10. Nxd4 Nc5 11. Qc2 a5 12. Rad1 c6 13. e4 Bg4 14. f3 Bd7
15. Kh1 Qc7 16. Rf2 Rad8 17. Rfd2 Bc8 18. Nde2 Qe7 19. Na4 Nxa4 1/2-1/2

[Event "ITT 56 Aniversario"]
[Site "Villa Martelli, ARG"]
[Date "2010.08.09"]
[Round "6"]
[White "Tristan, Leonardo"]
[Black "Szmetan, Ricardo"]
[Result "1-0"]
[WhiteElo "2393"]
[BlackElo "2255"]

1. e4 c6 2. d4 g6 3. Nc3 d5 4. h4 h5 5. Bf4 Nf6 6. e5 Ng8 7. Nh3 Bxh3 8. Rxh3
e6 9. Qd2 a6 10. O-O-O c5 11. dxc5 Nc6 12. Na4 Qc7 13. Kb1 Bg7 14. Bg3 Bxe5
15. f4 Bg7 16. f5 Be5 17. Bxe5 Nxe5 18. fxe6 fxe6 19. Nb6 Rd8 20. Qf4 Ne7 21.
Qf6 Rf8 22. Qxe6 Qxc5 23. Qxe5 Qxb6 24. Rb3 Qf6 25. Qxf6 Rxf6 26. Rxb7 Nf5
27. Be2 Nxh4 28. g4 Rf2 29. Rd2 Kf8 30. Kc1 Re8 31. Bd1 Rxd2 32. Kxd2 hxg4 33.
Bxg4 Re4 34. Be2 Ng2 35. Bf3 Rd4+ 36. Kc3 Rc4+ 37. Kb3 Ne3 38. Bxd5 Rxc2 39.
Be4 Rf2 40. Bxg6 Nd1 41. Bc2 Rf3+ 42. Ka4 Ne3 43. Bb3 Rf2 44. Ka3 Rf6 45.
Rd7 Ng4 46. Rd5 Ne3 47. Re5 Ng4 48. Re6 Rxe6 49. Bxe6 Ne5 50. Bc8 a5 51. Ba6
Nd7 52. Ka4 1-0

[Event "ITT 56 Aniversario"]
[Site "Villa Martelli, ARG"]
[Date "2010.08.09"]
[Round "6"]
[White "Ibar, Marcelo"]
[Black "Guerrero, Alvaro"]
[Result "0-1"]
[WhiteElo "2210"]
[BlackElo "2267"]

1. Nf3 d6 2. e4 Nf6 3. Nc3 e5 4. d4 Nbd7 5. Bc4 Be7 6. O-O O-O 7. Re1 c6 8.
a4 b6 9. h3 a6 10. d5 c5 11. Qe2 Kh8 12. Nh2 Ng8 13. Bd3 Ra7 14. Rf1 g6 15.
Bd2 Ndf6 16. Ng4 Nh5 17. g3 Ng7 18. Kh2 f5 19. Nh6 f4 20. Nxg8 Kxg8 21. gxf4
exf4 22. f3 Nh5 23. Rg1 Bh4 24. Rg4 Bg3+ 25. Kg2 Ng7 26. Rh1 g5 27. e5 dxe5 28.
Rxg3 fxg3 29. Qxe5 Nf5 30. Bxf5 Rxf5 31. Qxg3 Rg7 32. Re1 h5 33. Re4 h4 34.
Qe1 Qd7 35. Re8+ Rf8 36. Qe6+ Qxe6 37. Rxf8+ Kxf8 38. dxe6 Bxe6 39. Ne4 Bf5
40. Nxg5 Bxc2 41. Kf1 Rd7 42. Be1 Bxa4 43. Bxh4 Rd2 44. Ne4 Rxb2 45. Bf6 Rh2
46. h4 Bc6 47. Kg1 Re2 48. Ng5 Be8 49. Ne4 Bg6 50. Ng3 Rc2 51. h5 Bh7 52. Ne4
Bxe4 53. fxe4 Re2 54. h6 Kg8 55. e5 c4 56. Kf1 Rh2 57. Bg7 c3 58. e6 c2 0-1

[Event "ITT 56 Aniversario"]
[Site "Villa Martelli, ARG"]
[Date "2010.08.10"]
[Round "7"]
[White "Zuriel, Marisa"]
[Black "Fabian, Gaston"]
[Result "1/2-1/2"]
[WhiteElo "2205"]
[BlackElo "2260"]

1. e4 e5 2. Nf3 Nc6 3. Bc4 Nf6 4. d3 Be7 5. Bb3 O-O 6. c3 d5 7. Qe2 Re8 8.
O-O Bg4 9. h3 Bh5 10. Nbd2 Qd7 11. Re1 Bc5 12. Nf1 Bg6 13. Ng3 dxe4 14. dxe4
Nh5 15. Nxh5 Bxh5 16. Be3 Bd6 17. Rad1 Qe7 18. g4 Bg6 19. Bg5 Qf8 20. Nh4 Kh8
21. Ba4 h6 22. Nxg6+ fxg6 23. Bxc6 bxc6 24. Be3 Qf7 25. c4 Qe7 26. Rd3 Rf8 27.
Red1 Qe6 28. b3 a5 29. f3 a4 30. c5 Be7 31. b4 Qc4 32. a3 Rad8 33. Bf2 Kh7
34. R1d2 Rxd3 35. Qxd3 Qf7 36. Kg2 Bg5 37. Rd1 Rd8 38. Qe2 Rxd1 39. Qxd1 Qb3
40. Qd7 Qxa3 41. h4 Bf4 42. h5 gxh5 43. Qf5+ Kg8 44. Qc8+ Kh7 45. Qf5+ 1/2-1/2

[Event "ITT 56 Aniversario"]
[Site "Villa Martelli, ARG"]
[Date "2010.08.10"]
[Round "7"]
[White "Guerrero, Alvaro"]
[Black "Menna Barreto, Felipe Kubiaki"]
[Result "1-0"]
[WhiteElo "2267"]
[BlackElo "2154"]

1. d4 d5 2. c4 e6 3. Nc3 Nf6 4. Bg5 Be7 5. e3 O-O 6. Qc2 Nbd7 7. cxd5 exd5 8.
Bd3 c6 9. Nge2 Re8 10. O-O h6 11. Bh4 Ne4 12. Bxe7 Qxe7 13. Rae1 Ndf6 14.
Nd1 c5 15. Bxe4 Qxe4 16. Qxc5 b6 17. Qa3 Qe7 18. Qxe7 Rxe7 19. Ndc3 Ba6 20. Rc1
Rc8 21. Rfe1 Rec7 22. f3 Bd3 23. Nf4 Bf5 24. g4 Be6 25. Nd3 h5 26. h3 hxg4
27. hxg4 g5 28. Nb5 Re7 29. Rxc8+ Bxc8 30. Nd6 Be6 31. Kf2 Rd7 32. Nb5 Ne8 33.
Ne5 Rb7 34. Rc1 a6 35. Nc3 Nd6 36. Nd3 a5 37. b3 f6 38. Ne2 Bd7 39. Nc3 Be6
40. Ke2 Rh7 41. Nf2 Re7 42. Kd2 Kf7 43. Na4 Nc8 44. Rc6 Rb7 45. e4 Bd7 46.
Rc1 Ne7 47. Nc3 Bc6 48. Nd3 Rd7 49. Ke3 Rd8 50. Rh1 Kg7 51. Rh2 Re8 52. Kd2 Rd8
53. e5 Rf8 54. Rh5 Be8 55. exf6+ Kxf6 56. Rh6+ Bg6 57. Ne5 Kg7 58. Rh1 Rf4
59. Ne2 Rf6 60. Rc1 Be8 61. Rc7 Kf8 62. Rb7 Ng6 63. Nxg6+ Bxg6 64. Ke3 Re6+
65. Kf2 Rc6 66. a3 Bc2 67. b4 axb4 68. axb4 Bd3 69. Ng3 Rc2+ 70. Ke3 Bc4 71.
Rxb6 Rg2 72. Rh6 Rxg3 73. Kf2 Kg7 74. Rh2 1-0

[Event "ITT 56 Aniversario"]
[Site "Villa Martelli, ARG"]
[Date "2010.08.10"]
[Round "7"]
[White "Szmetan, Ricardo"]
[Black "Ibar, Marcelo"]
[Result "1/2-1/2"]
[WhiteElo "2255"]
[BlackElo "2210"]

1. d4 Nf6 2. Nf3 g6 3. c4 Bg7 4. Nc3 c5 5. e4 cxd4 6. Nxd4 d6 7. Be2 Nc6 8.
Be3 O-O 9. O-O Nxd4 10. Bxd4 Be6 11. f3 Rc8 12. b3 a6 13. Qd2 Nd7 14. Bxg7
Kxg7 15. f4 Qb6+ 16. Kh1 f5 17. exf5 gxf5 18. Bf3 Rf6 19. Rae1 Nf8 20. Re2 Ng6
21. Rfe1 Bf7 22. Rxe7 Nxe7 23. Rxe7 Kf8 24. Rxb7 Qc5 25. Nd5 Bxd5 26. Bxd5 Rc7
27. Qc3 Kg7 28. Qg3+ Rg6 29. Qc3+ Rf6 30. Qg3+ Rg6 31. Qc3+ Rf6 1/2-1/2

[Event "ITT 56 Aniversario"]
[Site "Villa Martelli, ARG"]
[Date "2010.08.10"]
[Round "7"]
[White "Liascovich, Lucas Agustin"]
[Black "Tristan, Leonardo"]
[Result "1/2-1/2"]
[WhiteElo "2427"]
[BlackElo "2393"]

1. e4 c5 2. Nf3 d6 3. Bb5+ Bd7 4. Bxd7+ Nxd7 5. O-O Ngf6 6. Qe2 e6 7. b3 Be7
8. Bb2 O-O 9. c4 Qc7 10. Nc3 Ne5 11. Rfe1 a6 12. Rad1 Rad8 1/2-1/2